00350nam a22001217a 4500020001800000040000900018082001600027100002400043110002500067245005100092260003400143650005100177 a9780072355963 cNUST a621.395 BRO aBrown, Stephen D.  aVranesic, Zvonko G.  aFundamentals of Digital logic with VHDL Design a Boston:bMcGraw-Hill,c2000. aFundamentals of Digital logic with VHDL Design